000 00673cam a22002293a 4500
001 31502
003 PGUSA
005 20140828083700.0
008 100304s2010||||xxu|||||s|||||000 1 eng d
040 _aPGUSA
_beng
042 _adc
050 4 _aPZ
100 1 _aTaylor, Frances Lilian,
_d-1931
245 1 0 _aTwo Indian Children of Long Ago
_h[electronic resource] /
_cFrances Lilian Taylor
260 _bProject Gutenberg,
_c2010
506 _aPublic domain in the USA.
516 _aElectronic text
653 _aIndians of North America -- Juvenile fiction
830 0 _aProject Gutenberg
_v31502
856 4 0 _uhttp://www.gutenberg.org/ebooks/31502
942 _cEB
999 _c260757
_d260757